Esteban Lisa (Record no. 12298)
[ view plain ]
| 000 - LÍDER | |
|---|---|
| campo de control de longitud fija | 00997nam a2200241Ia 4500 |
| 008 - ELEMENTOS DE DATOS DE LONGITUD FIJA - INFORMACIÓN GENERAL | |
| campo de control de longitud fija | 0000002010 le d 0000000000eng00 |
| 090 ## - NÚMERO DE LLAMADA DE TIPO LC LOCALMENTE ASIGNADO (OCLC) | |
| Número de clasificación (OCLC) (R) | PSP00 E77e1 |
| 245 10 - TÍTULO DECLARACIÓN | |
| Título | Esteban Lisa |
| Resto del título | : in the land of the cedars. tradition and abstraction |
| 260 ## - PUBLICACIÓN, DISTRIBUCIÓN | |
| Lugar de publicación | Libano (Beirut) : Villa Audi, Fondation Audi |
| Fecha de publicación | 2010 |
| 300 ## - DESCRIPCIÓN FÍSICA | |
| Alcance | 1 plegable [6] p. |
| Dimensiones | / 20 cm. |
| 500 ## - NOTA GENERAL | |
| Nota general | Exposición realizada en Villa Audi, Fondation Audi, Beirut, marzo abril, 2010 \ Incluye datos biográficos del artista \ Proyecto Ganador Programa Apoyos Concertados FGAA 2010 |
| 505 ## - NOTA DE CONTENIDO FORMATEADA | |
| Nota sobre el contenido formateado | OBRA : Juego de líneas y colores |
| 600 00 - ENTRADA DE SUJETO AÑADIDO - NOMBRE PERSONAL | |
| Nombre de la persona | LISA, ESTEBAN, 18951983/ |
| Subdivisión general | TRABAJOS PICTORICOS |
| 650 14 - ENTRADA DE SUJETO AÑADIDO - TÉRMINO TÓPICO | |
| Término tópico o elemento de entrada del nombre geográfico | ARTE CONTEMPORANEO ESPAÑOL |
| 650 14 - ENTRADA DE SUJETO AÑADIDO - TÉRMINO TÓPICO | |
| Término tópico o elemento de entrada del nombre geográfico | ARTISTAS PLASTICOS ESPAÑOLES EXPOSIONES |
| 650 14 - ENTRADA DE SUJETO AÑADIDO - TÉRMINO TÓPICO | |
| Subdivisión general | CATALOGOS |
| 650 14 - ENTRADA DE SUJETO AÑADIDO - TÉRMINO TÓPICO | |
| Término tópico o elemento de entrada del nombre geográfico | DIBUJO AL PASTEL |
| 650 14 - ENTRADA DE SUJETO AÑADIDO - TÉRMINO TÓPICO | |
| Subdivisión general | EXPOSICIONES |
| 650 14 - ENTRADA DE SUJETO AÑADIDO - TÉRMINO TÓPICO | |
| Término tópico o elemento de entrada del nombre geográfico | PINTORES ESPAÑOLES |
| 650 14 - ENTRADA DE SUJETO AÑADIDO - TÉRMINO TÓPICO | |
| Término tópico o elemento de entrada del nombre geográfico | PINTURA ABSTRACTA ESPAÑOLA |
| 650 14 - ENTRADA DE SUJETO AÑADIDO - TÉRMINO TÓPICO | |
| Término tópico o elemento de entrada del nombre geográfico | PINTURA AL OLEO |
| 650 14 - ENTRADA DE SUJETO AÑADIDO - TÉRMINO TÓPICO | |
| Término tópico o elemento de entrada del nombre geográfico | PINTURA ESPAÑOLA |
| Estado de retirada | Pérdida de estatus | Estado dañado | No para préstamo | Código de recogida | Ubicación permanente | Ubicación actual | Ubicación de las estanterías | Fecha de adquisición | Número de llamada completo | Código de barras | Fecha de la última vez que se vio | Número de copia | Precio efectivo desde | Tipo de artículo Koha |
|---|---|---|---|---|---|---|---|---|---|---|---|---|---|---|
| General | ArtNexus | ArtNexus | General | 06/09/2022 | P-SP-00 E77E1 | 12424 | 06/09/2022 | Ej.1 | 06/09/2022 | Libro |